000 00600pam a2200217 i 4500
001 1354775
005 20180206041020.0
008 800729s1981 nyua b 001 0 eng
010 _a 80020514
020 _a0471052639
040 _aDLC
_cDLC
_dDLC
041 _aeng
080 _a658
082 0 0 _a658 MAL
_219
100 _a54
101 _aLID
245 0 0 _aManagement handbook :
_cPaul Mali, editor-in-chief.
504 _aIncludes bibliographies and index.
906 _a7
_bcbc
_corignew
_du
_eocip
_f19
_gy-gencatlg
942 _2ddc
_cBK
999 _c41879
_d41879